000 00920cam a2200253 a 4500
001 000011413
005 20200929162438.0
008 091016s1978 sp 001 0 spa d
020 _z8414935012
040 _aDO-SdBNP
_bspa
_cBNPHU
082 _a883.1
_bH776h
100 1 _aHomero,
_dsiglo IX? a.C.
_927064
245 1 0 _aHimnos homéricos :
_bla "batracomiomaquía" /
_cHomero ; traducción, introducción y notas, Alberto Bernabé Pajares.
260 _aMadrid :
_bGredos,
_c1978.
300 _a355 p. :
_bil. ;
_c20 cm.
490 1 _aBiblioteca Clásica Gredos
_v8
504 _aIncluye índice general, índice de nombres y notas al pie de las páginas.
650 4 _aPoesía épica griega
_927065
650 4 _aLiteratura griega
_92386
700 1 _aPajares, Alberto Bernabé,
_etr.
_eintrod.
_927063
830 0 _aBiblioteca Clásica Gredos ;
_v8
_98642
910 _aCatalogación derivada / LC
049 _aBNGR
999 _c11118
_d11118